| 000 | 00900nam a22002297a 4500 | ||
|---|---|---|---|
| 999 |
_c6146 _d6146 |
||
| 003 | AR-CdUCM | ||
| 008 | 190313b ||||| |||| 00| 0 spa d | ||
| 040 |
_aMUNICIPALIDAD PROVINCIAL DEL CUSCO _cBIBLIOTECA MUNICIPAL DEL CUSCO |
||
| 082 |
_24 ed. _a869.56 / _bC24 |
||
| 100 |
_aCamino Calderón, Carlos _99048 |
||
| 245 |
_aLa cruz de Santiago : _bmemorias de un limeño / |
||
| 260 |
_aLima : _bLibr. e Impr. Gil, _c1936. |
||
| 300 |
_a158 páginas ; _bilustraciones, _c23 cm. |
||
| 500 | _aDonación de la familia Nieto. Novela histórica premiada con la Medalla de Oro del IV Centenario de la Fundación de Lima. | ||
| 650 |
_aNovela peruana _91234 |
||
| 650 |
_aNovela histórica peruana _917804 |
||
| 650 |
_aEmancipación (1808-1824) _93036 |
||
| 700 |
_aUrteaga, Horacio H. (Prologo) _917805 |
||
| 700 |
_aCaamaño, José Luis (Ilustraciones) _917806 |
||
| 942 |
_2ddc _cLIBROS |
||
| 945 | _araen | ||